| 000 | 00346nam a2200133Ia 4500 | ||
|---|---|---|---|
| 005 | 20251222144636.0 | ||
| 008 | 251222s9999||||xx |||||||||||||| ||spa|| | ||
| 020 | _a978-968-16-7914-9 | ||
| 082 | _a371.39/D57 | ||
| 100 | _aDenyer, Monique | ||
| 245 | 0 | _aLas Competencias en la Educación: | |
| 264 | _bFondo de Cultura Económica | ||
| 942 | _cLIB | ||
| 999 |
_c16489 _d16489 |
||